000 00835nam a2200265 a 4500
008
020 _a0538853956 (hbk.)
049 _aMAIN
090 _aHG4011 HAW
100 1 _aHawawini, Gabriel A.
245 1 0 _aFinance for executives :
_bmanaging for value creation /
_cGabriel Hawawini and Claude Viallet.
260 _aCincinnati :
_bSouth Western College,
_c1999
300 _axix, 601 p. :
_bill. ;
_c24 cm.
500 _aIncludes index.
504 _aIncludes bibliographical references.
650 0 _aCorporations
_xFinance.
650 0 _aBusiness enterprises
_xFinance.
650 0 _aManagerial accounting.
700 1 _aViallet, Claude.
907 _a.b1001102x
_b17-01-07
_c17-04-03
003
005 20230123133508.0
040 _cNUST
942 _cBOOKS
_kHG4011 HAW
999 _c149593
_d149593